| 000 | 00561nam a22001937a 4500 | ||
|---|---|---|---|
| 003 | MPLRDC | ||
| 005 | 20220104190221.0 | ||
| 008 | 210129b ||||| |||| 00| 0 eng d | ||
| 020 | _a978-7-5338-7844-1 | ||
| 082 | _a859.9 WDDY v.8 | ||
| 100 | _a小熊工作室 文、姜境孝 图 | ||
| 245 |
_a俄罗斯寻宝记 _c刘畅 译 |
||
| 250 | _a一版六刷 | ||
| 260 |
_a中国 _b二十一世纪出版社 _c2010 |
||
| 300 | _b平 | ||
| 490 | _a我的第一本历史探险漫画书: 寻宝记系列: 8 | ||
| 650 | _a儿童文学 | ||
| 942 |
_cBK _o859.9 WDDY v.8 |
||
| 999 |
_c63684 _d63674 |
||